Relatorio ácerca da quarta sessao do Congresso Geologico Internacional realisada em Londres no mez de setembro de 1888 / (Record no. 48503)

MARC details
000 -LEADER
campo de control de longitud fija 00825nam a2200193 i 4500
001 - NÚMERO DE CONTROL
campo de control 48503
003 - IDENTIFICADOR DE NÚMERO DE CONTROL
campo de control ES-MaACL
005 - FECHA Y HORA DE LA ÚLTIMA TRANSACCIÓN
campo de control 20250805063239.0
007 - CAMPO FIJO DE DESCRIPCIÓN FÍSICA--INFORMACIÓN GENERAL
campo de control de longitud fija t|
008 - DATOS DE LONGITUD FIJA--INFORMACIÓN GENERAL
campo de control de longitud fija 950721s1889 po |||| | por d
100 1# - ENTRADA PRINCIPAL--NOMBRE DE PERSONA
Nombre de persona Delgado, Joaquim Filipe Nery,
Fechas asociadas al nombre 1835-1908
9 (RLIN) 43410
245 10 - MENCIÓN DEL TÍTULO
Título Relatorio ácerca da quarta sessao do Congresso Geologico Internacional realisada em Londres no mez de setembro de 1888 /
Mención de responsabilidad, etc. por Joaquim Filippe Nery da Encarnacao Delgado...
260 ## - PUBLICACIÓN, DISTRIBUCIÓN, ETC.
Lugar de publicación, distribución, etc. Lisboa :
Nombre del editor, distribuidor, etc. Imprenta Nacional,
Fecha de publicación, distribución, etc. 1889.
300 ## - DESCRIPCIÓN FÍSICA
Extensión 62 p. ;
Dimensiones 30 cm.
711 2# - ENTRADA AGREGADA--NOMBRE DE REUNIÓN
Nombre de congreso/reunión o jurisdicción como elemento de entrada Congreso Geológico Internacional (
Número del congreso/reunión o número de parte o sección 4º.
Fecha del congreso o de la firma del tratado 1888.
Sede del congreso/Lugar de la reunión Londres)
9 (RLIN) 377
852 ## - LOCALIZACIÓN
Ubicación ES-MaACL
Número de control de estantería T-895-F-1
Nota libre .- Legado Federico Botella y de Hornos
-- - Enc. en un vol. facticio conservando la cub. original
852 ## - LOCALIZACIÓN
Ubicación ES-MaACL
Número de control de estantería T-502-F-1
Holdings
Estatus retirado Estado de pérdida Estado de daño No para préstamo Colección Biblioteca de origen Biblioteca actual Ubicación en estantería Fecha de adquisición Fuente de adquisición Total de préstamos Signatura topográfica completa Código de barras Visto por última vez Precio de reemplazo Tipo de ítem Koha
        Colección de folletos Biblioteca del Ateneo de Madrid Biblioteca del Ateneo de Madrid Depósito folletos 26/04/2018     T-502-F-1 1198775 23/02/2023 23/02/2023 Folleto
        Colección de folletos Biblioteca del Ateneo de Madrid Biblioteca del Ateneo de Madrid Depósito folletos 17/01/2008     T-895-F-1 1051042 23/02/2023 23/02/2023 Folleto